| 000 | 00600cam a22002051 4500 | ||
|---|---|---|---|
| 001 | he 68000168 | ||
| 003 | DLC | ||
| 005 | 20260227111452.0 | ||
| 008 | 880816s1966 is 000 0 hebr | ||
| 010 | _ahe 68000168 | ||
| 035 | _a(OCoLC)18362370 | ||
| 040 |
_aDLC _cCU _dCU _dDLC |
||
| 042 | _apremarc | ||
| 050 | 0 | 0 |
_aBM506.Z7 _bG7 1966 |
| 100 | 1 | _aGrainiman, Ḥayim Shaʼul ben Sh. | |
| 245 | 1 | 0 |
_aSefer Ḥidushim u-veʼurim: _bZevaḥim, _cme-iti Ḥayim Shaʼul Grainiman. |
| 260 |
_aBene-Beraḳ, _c727 [1966 or 7] |
||
| 300 |
_a38 l. _c35 cm. |
||
| 630 | 0 | 0 |
_aTalmud. _pZevaḥim _xCommentaries. |
| 999 |
_c32838 _d32838 |
||